00517nam a2200145 i 450000100060000000300090000600500170001500700030003200800410003510000200007624501900009626000420028630000220032885200210035072449ES-MaACL20230906171436.0t|040901s1923 fr ||||1| fre d1 aGiraud, Victor.10aMoralistes français b: Saint Francois de Sales. Moliere. Pascal. Bossuet. Montesquieu. Maisse de Birau. Joubert. Samennais. Sainté Beuve. Renau Bruntiere. Faguet / cVictor Giraud. a[Coulommiers : bP. Brodard], c1923. a238 p. ; c19 cm. aES-MaACLjF-5102